Human & machine perception (Record no. 6592)
[ view plain ]
| 000 -LEADER | |
|---|---|
| fixed length control field | 01614nam a2200373Ia 4500 |
| 001 - CONTROL NUMBER | |
| control field | ebr10699083 |
| 003 - CONTROL NUMBER IDENTIFIER | |
| control field | CaPaEBR |
| 006 - FIXED-LENGTH DATA ELEMENTS--ADDITIONAL MATERIAL CHARACTERISTICS--GENERAL INFORMATION | |
| fixed length control field | m o u |
| 007 - PHYSICAL DESCRIPTION FIXED FIELD--GENERAL INFORMATION | |
| fixed length control field | cr cn||||||||| |
| 008 - FIXED-LENGTH DATA ELEMENTS--GENERAL INFORMATION | |
| fixed length control field | 060202s2005 njua sb 100 0 eng d |
| 020 ## - INTERNATIONAL STANDARD BOOK NUMBER | |
| Cancelled/invalid ISBN | 9789812384317 |
| Cancelled/invalid ISBN | 9789812703095 |
| Cancelled/invalid ISBN | 9812384316 |
| 040 ## - CATALOGING SOURCE | |
| Original cataloging agency | CaPaEBR |
| Transcribing agency | CaPaEBR |
| 035 ## - SYSTEM CONTROL NUMBER | |
| System control number | (OCoLC)666956278 |
| 050 14 - LIBRARY OF CONGRESS CALL NUMBER | |
| Classification number | Q300 |
| Item number | .I57 2004eb |
| 082 04 - DEWEY DECIMAL CLASSIFICATION NUMBER | |
| Classification number | 003/.52 |
| Edition number | 23 |
| 111 2# - MAIN ENTRY--MEETING NAME | |
| Meeting name or jurisdiction name as entry element | International Workshop on Human and Machine Perception |
| Number of part/section/meeting | (6th : |
| Date of meeting | 2004 : |
| Location of meeting | Oristano, Italy) |
| 245 10 - TITLE STATEMENT | |
| Title | Human & machine perception |
| Medium | [electronic resource] : |
| Remainder of title | communication, interaction, and integration : Santa Caterina di Pittinuri, Oristano, Italy, September 6-9, 2004 / |
| Statement of responsibility, etc | editors, Sergio Vitulano ... [et al.]. |
| 246 3# - VARYING FORM OF TITLE | |
| Title proper/short title | Human and machine perception |
| 260 ## - PUBLICATION, DISTRIBUTION, ETC. (IMPRINT) | |
| Place of publication, distribution, etc | Hackensack, NJ : |
| Name of publisher, distributor, etc | World Scientific, |
| Date of publication, distribution, etc | c2005. |
| 300 ## - PHYSICAL DESCRIPTION | |
| Extent | x, 172 p. : |
| Other physical details | ill. |
| 500 ## - GENERAL NOTE | |
| General note | Proceedings of the Sixth International Workshop on Human and Machine Perception. |
| 504 ## - BIBLIOGRAPHY, ETC. NOTE | |
| Bibliography, etc | Includes bibliographical references. |
| 533 ## - REPRODUCTION NOTE | |
| Type of reproduction | Electronic reproduction. |
| Place of reproduction | Palo Alto, Calif. : |
| Agency responsible for reproduction | ebrary, |
| Date of reproduction | 2013. |
| Note about reproduction | Available via World Wide Web. |
| -- | Access may be limited to ebrary affiliated libraries. |
| 650 #0 - SUBJECT ADDED ENTRY--TOPICAL TERM | |
| Topical term or geographic name as entry element | Cybernetics |
| Form subdivision | Congresses. |
| Topical term or geographic name as entry element | Perception |
| Form subdivision | Congresses. |
| Topical term or geographic name as entry element | Data mining |
| Form subdivision | Congresses. |
| Topical term or geographic name as entry element | Computer vision |
| Form subdivision | Congresses. |
| 655 #7 - INDEX TERM--GENRE/FORM | |
| Genre/form data or focus term | Electronic books. |
| Source of term | local |
| 700 1# - ADDED ENTRY--PERSONAL NAME | |
| Personal name | Vitulano, Sergio. |
| 710 2# - ADDED ENTRY--CORPORATE NAME | |
| Corporate name or jurisdiction name as entry element | ebrary, Inc. |
| 856 40 - ELECTRONIC LOCATION AND ACCESS | |
| Uniform Resource Identifier | <a href="http://site.ebrary.com/lib/rucke/Doc?id=10699083">http://site.ebrary.com/lib/rucke/Doc?id=10699083</a> |
| Public note | An electronic book accessible through the World Wide Web; click to view |
No items available.
